Normal view
MARC view
- Mathematics
Entry Topical Term
001 - CONTROL NUMBER
- control field: 109544
003 - CONTROL NUMBER IDENTIFIER
- control field: NUST
005 - DATE AND TIME OF LATEST TRANSACTION
- control field: 20230223180934.0
008 - FIXED-LENGTH DATA ELEMENTS
- fixed length control field: 230223|| aca||aabn | a|a d
040 ## - CATALOGING SOURCE
- Original cataloging agency: NUST
- Transcribing agency: NUST
150 ## - HEADING--TOPICAL TERM
- Topical term or geographic name entry element: Mathematics
- General subdivision: Study and teaching
- General subdivision: Computer programs
670 ## - SOURCE DATA FOUND
- Source citation: Work cat.: (NUST)181683: Thomson, Norman 109543, APL programs for the mathematics classroom /, c1989.
